Представление документа в формате RUSMARC

Поле Инд. ПП Название Значение
Тип записи a
Библиографический уровень a
001 Контрольный номер f69b15d1e7bf4fd9acac5a3dfe73a92f
005 Дата корректировки 20181224170400.5
100 a Данные общей обработки 20180301 ||| 0rusy0189 ca
101 0_ a Язык текста rus
102 a Страна публикации RU
200 1_ f Первые сведения об ответственности И.М. Шевченко
a Заглавие К вопросу о необходимости упрощенного порядка рассмотрения требований кредиторов в делах о банкротстве
b Общее обозначение материала Текст
210 d Дата издания 2018
461 _0 1 2000
a Арбитражный и гражданский процесс
463 _0 1 2000
a №1
v С. 48-52
1 2101
d 2018
1 0012758997fc00346d5beea369ab3c42219
606 a Основная рубрика Гражданское процессуальное право
610 0_ a Ключевые слова АРБИТРАЖНЫЙ ПРОЦЕСС; АРБИТРАЖНОЕ УПРАВЛЕНИЕ; НЕСОСТОЯТЕЛЬНОСТЬ (БАНКРОТСТВО); УПРОЩЕННОЕ ПРОИЗВОДСТВО
700 _1 a Фамилия Шевченко
b Имя И.М.
801 _0 a Страна RU
b Организация РГУП
c Дата составления 20180301
g Правила каталогизации PSBO
801 _1 a Страна RU
b Организация РГУП
c Дата составления 20180301
g Правила каталогизации PSBO
901 t Тип документа b
w Контрольный № источника 2758997fc00346d5beea369ab3c42219
905 a Дата ввода 20180301